Basic Pilot Extension Act of 2003 : report (together with dissenting views) (to accompany H.R. 2359) (including cost estimate of the Congressional Budget Office).

Bibliographic Details
Corporate Author: United States. Congress. House. Committee on the Judiciary
Format: Government Document Book
Language:English
Published: [Washington, D.C.] : [U.S. G.P.O.], [2003-]
Series:Rept. / 108th Congress, 1st session, House of Representatives ; 108-304
Subjects:
Online Access:Pt. 1, text version:
Pt. 1, PDF version:

MARC

Tag First Indicator Second Indicator Subfields
LEADER 00000cam a2200000 a 4500
001 in00001795430
005 20151025123047.0
008 031027m20039999dcu b f000 0 eng c
035 |a (OCoLC)ocm53364949 
040 |a GPO  |c GPO  |d MvI  |d UtOrBLW 
042 |a pcc 
043 |a n-us--- 
049 |a UDOC 
049 |a WWW 
074 |a 1008-C 
074 |a 1008-C (online) 
074 |a 1008-D (MF) 
074 |a 1008-D (online) 
086 0 |a Y 1.1/8:108-304/PT.1- 
110 1 |a United States.  |b Congress.  |b House.  |b Committee on the Judiciary. 
245 1 0 |a Basic Pilot Extension Act of 2003 :  |b report (together with dissenting views) (to accompany H.R. 2359) (including cost estimate of the Congressional Budget Office). 
264 1 |a [Washington, D.C.] :  |b [U.S. G.P.O.],  |c [2003-] 
300 |a volumes ;  |c 24 cm. 
336 |a text  |b txt  |2 rdacontent 
337 |a unmediated  |b n  |2 rdamedia 
338 |a volume  |b nc  |2 rdacarrier 
490 1 |a Rept. / 108th Congress, 1st session, House of Representatives ;  |v 108-304 
500 |a Caption title. 
500 |a Distributed to some depository libraries in microfiche. 
500 |a Shipping list number: 2004-0013-P (pt. 1). 
500 |a "October 7, 2003"--Pt. 1. 
500 |a Shipping List Date: 10/23/2003 
504 |a Includes bibliographical references. 
530 |a Also available via Internet from the GPO Access web site. Addresses as of 11/6/03: http://frwebgate.access.gpo.gov/cgi-bin/getdoc.cgi?dbname=108%5Fcong%5Freports&docid=f:hr304p1.108 (pt. 1, text version), http://frwebgate.access.gpo.gov/cgi-bin/getdoc.cgi?dbname=108%5Fcong%5Freports&docid=f:hr304p1.108.pdf (pt. 1, PDF version); current access available via PURLs. 
650 0 |a Air pilots  |x Certification  |z United States. 
650 0 |a Foreign worker certification  |z United States. 
650 0 |a Illegal aliens  |x Employment  |z United States. 
810 1 |a United States.  |b Congress.  |b House.  |t Report ;  |v 108-304. 
856 4 1 |3 Pt. 1, text version:  |u http://purl.access.gpo.gov/GPO/LPS39493  |t 0 
856 4 1 |3 Pt. 1, PDF version:  |u http://purl.access.gpo.gov/GPO/LPS39494  |t 0 
999 |a MARS 
999 f f |s b95cbc92-f660-30f0-af7c-7a46c31a11d7  |i 1eba25da-ae32-3178-acfd-427e4e73fb74  |t 0 
952 f f |a Texas A&M University  |b College Station  |c Electronic Resources  |d Available Online  |t 0  |e Y 1.1/8:108-304/PT.1-  |h Superintendent of Documents classification 
998 f f |a Y 1.1/8:108-304/PT.1-  |t 0  |l Available Online